000 00288nam a22001337a 4500
008 170830b xxu||||| |||| 00| 0 eng d
020 _a9780205493340
041 _aeng
080 _27TH
_a070
100 _a39
101 _aMED
245 _aCOMMUNICATION
_cSEILER,W.J
942 _2udc
_cBK
999 _c25476
_d25476